明朝皇帝的名讳、年号和庙号 (Personal/Era/Temple Names of Ming Emperors) - Statistics

General Stats
  • This quiz has been taken 76 times
  • The average score is 31 of 51
Answer Stats
在位时间 描述 % Correct
1368--1398 朱元璋
98%
1402--1424 朱棣
96%
1368--1398 洪武
94%
1398--1402 朱允炆
90%
1402--1424 永乐
90%
1398--1402 建文
88%
1368--1398 太祖
84%
1424--1425 朱高炽
78%
1521--1566 嘉靖
74%
1425--1435 朱瞻基
72%
1435--1449 朱祁镇
72%
1449--1457 朱祁钰
70%
1457--1464 朱祁镇
70%
1505--1521 朱厚照
70%
1573--1620 万历
70%
1464--1487 朱见深
68%
1627--1644 朱由检
68%
1627--1644 崇祯
68%
1521--1566 朱厚熜
66%
1620--1620 朱常洛
66%
1620--1627 朱由校
66%
1573--1620 朱翊钧
62%
1620--1627 天启
62%
1567--1572 朱载垕
60%
1424--1425 洪熙
56%
1449--1457 景泰
56%
1567--1572 隆庆
56%
1487--1505 朱祐樘
54%
1425--1435 宣德
54%
1505--1521 正德
54%
1424--1425 仁宗
54%
1435--1449 正统
52%
1435--1449 英宗
52%
1457--1464 英宗
52%
1505--1521 武宗
52%
1464--1487 成化
50%
1627--1644 思宗
50%
1398--1402 惠宗
48%
1573--1620 神宗
48%
1620--1620 泰昌
46%
1425--1435 宣宗
46%
1457--1464 天顺
44%
1449--1457 代宗
42%
1464--1487 宪宗
42%
1487--1505 弘治
38%
1521--1566 世宗
38%
1620--1620 光宗
38%
1620--1627 熹宗
36%
1487--1505 孝宗
34%
1402--1424 太宗、成祖
28%
1567--1572 穆宗
28%
No matching quizzes found
Score Distribution
Percent of People with Each Score
Percentile by Number Answered
Your Score History
You have not taken this quiz